| 000 | 00504nam a22001817a 4500 | ||
|---|---|---|---|
| 999 |
_c524055 _d524055 |
||
| 003 | NUST | ||
| 020 | _a9789698957308 | ||
| 038 | _awaseem | ||
| 082 |
_a954.91 _bBAR |
||
| 100 |
_aJaved, Ajeet _914880 |
||
| 245 |
_aWatan Prasat aur Scholar Jinnah / _cAjeet Javed |
||
| 260 |
_aLahore : _bSanjh Publications, _c2008. |
||
| 300 | _a320 p. ; | ||
| 500 | _aHardcover. | ||
| 880 |
_6100-02\r _aاجیت جاوید |
||
| 880 |
_6245-02\r _aوطن پرست اور سیکولر جناح / |
||
| 942 |
_2ddc _cBK |
||